LDR 00674naa#a2200181#i#450# 001 EN\INFRA-M\bibl\125297 005 20260703090040.5 011 ## _a2500-3305 100 ## _a20260430b2026####ek#y0engy0150####ca 102 ## _aRU 200 1# _aScientific and methodological support for 
the professional and personal development of teachers 
by the methodological service of a preschool educational organization _eJournal article 210 1# _aMoscow _cINFRA-M Academic Publishing LLC. _d2026 215 ## _a9 с. 608 ## _aJournal article _2local 675 ## _aОрганизация занятий. 373.21 _z 700 #1 _aMatveeva _gM. V. 700 #1 _aPolozhenceva _gE. G. 856 4# _anaukaru.ru _u